[Event "Berlin-ch Seniors op 27th"]
[Site "Berlin"]
[Date "2011.02.04"]
[Round "7"]
[White "Loncarevic, Marko"]
[Black "Koenig, Dietmar"]
[Result "1-0"]
[WhiteElo "1529"]
[BlackElo "1400"]
[PlyCount "65"]
[EventDate "2011.01.29"]
[EventType "swiss"]
[EventRounds "9"]
[EventCountry "GER"]
[SourceTitle "EXT 2012"]
[Source "ChessBase"]
[SourceDate "2011.11.24"]
[SourceVersion "1"]
[SourceVersionDate "2011.11.24"]
[SourceQuality "1"]

1. e4 e5 2. Nf3 d6 3. d4 Nd7 4. dxe5 dxe5 5. Bc4 Be7 6. 0-0 h6 7. Nc3 Ngf6 8. Qe2 0-0 9. Rd1 c6 10. Nxe5 Qe8 11. Ng6 Nb6 12. Bb3 Bg4 13. f3 Bc5+ 14. Kh1 Be6 15. Nxf8 Qxf8 16. Be3 Bxb3 17. axb3 Nbd7 18. Rd3 Bxe3 19. Qxe3 Nc5 20. Rdd1 a6 21. Rd2 Ne6 22. Qb6 Qe7 23. Rad1 c5 24. Nd5 Nxd5 25. Rxd5 Rc8 26. Rd7 Qf6 27. h3 Rc6 28. Qxb7 Nf4 29. g3 Nxh3 30. Kg2 Ng5 31. Qb8+ Kh7 32. Qf4 Qe6 33. Qf5+ 1-0

[Event "Berlin-ch Seniors op 27th"]
[Site "Berlin"]
[Date "2011.01.31"]
[Round "3"]
[White "Pueschel, Gisela"]
[Black "Loncarevic, Marko"]
[Result "0-1"]
[WhiteElo "1221"]
[BlackElo "1529"]
[PlyCount "61"]
[EventDate "2011.01.29"]
[EventType "swiss"]
[EventRounds "9"]
[EventCountry "GER"]
[SourceTitle "EXT 2012"]
[Source "ChessBase"]
[SourceDate "2011.11.24"]
[SourceVersion "1"]
[SourceVersionDate "2011.11.24"]
[SourceQuality "1"]

1. d4 Nf6 2. Nf3 c6 3. e3 g6 4. Bd3 d5 5. h3 Bg7 6. Nbd2 0-0 7. 0-0 Nbd7 8. e4 dxe4 9. Nxe4 Nxe4 10. Bxe4 Nf6 11. Bd3 Ne8 12. c3 Nc7 13. Bf4 Nd5 14. Bd2 Re8 15. Re1 Qc7 16. Ne5 Nf6 17. Qf3 Be6 18. Bf4 Qc8 19. Rac1 Bd5 20. Qe3 Bxa2 21. c4 c5 22. dxc5 Nd7 23. Nxd7 Qxd7 24. Re2 Rad8 25. Bb1 Bxb1 26. Rxb1 Bd4 27. Qd2 Qf5 28. Qc1 Bxc5 29. Bg3 Bb4 30. Qc2 e5 31. Rd1 0-1

[Event "Berlin-ch Seniors op 25th"]
[Site "Berlin"]
[Date "2009.02.20"]
[Round "9"]
[White "Loncarevic, Marko"]
[Black "Engelhardt, Erhard"]
[Result "0-1"]
[WhiteElo "1497"]
[BlackElo "1833"]
[PlyCount "145"]
[EventDate "2009.02.12"]
[EventType "swiss"]
[EventRounds "9"]
[EventCountry "GER"]
[SourceTitle "EXT 2022"]
[Source "ChessBase"]
[SourceDate "2021.10.06"]
[SourceVersion "1"]
[SourceVersionDate "2021.10.06"]
[SourceQuality "1"]

1. e4 e6 2. d4 d5 3. e5 c5 4. Nf3 Nc6 5. c3 Qb6 6. Be2 cxd4 7. cxd4 Nh6 8. Qb3 Qxb3 9. axb3 Bb4+ 10. Nc3 Nf5 11. Bb5 Bd7 12. Bxc6 Bxc6 13. 0-0 0-0 14. Be3 Rfc8 15. Rfc1 Bd7 16. Na4 b6 17. Rxc8+ Rxc8 18. Rc1 Rxc1+ 19. Bxc1 Bb5 20. g4 Ne7 21. Bd2 Bxd2 22. Nxd2 Nc6 23. Nc3 Nxd4 24. Kg2 Bd3 25. f4 Bc2 26. b4 Kf8 27. Kf2 Nc6 28. b5 Nb8 29. Ke3 Ke7 30. Kd4 g6 31. h4 h6 32. g5 h5 33. Nf3 Ke8 34. Ng1 Kd8 35. Nh3 Ke7 36. Nf2 Kd7 37. Nd3 Bxd3 38. Kxd3 Kc7 39. Kd4 Kb7 40. b4 a6 41. bxa6+ Kxa6 42. b5+ Ka5 43. Nxd5 Kxb5 44. Nf6 Nc6+ 45. Kc3 Ne7 46. Ne4 Nd5+ 47. Kd2 Nxf4 48. Nd6+ Kc5 49. Nxf7 Kd4 50. Kc2 b5 51. Kb3 Nd3 52. Nd8 Kxe5 53. Kc3 Nf4 54. Nf7+ Ke4 55. Nh8 Nd5+ 56. Kb3 Kf5 57. Ka3 e5 58. Nf7 e4 59. Nd6+ Kf4 60. Nxb5 e3 61. Nd4 Ke4 62. Ne2 Kf3 63. Nd4+ Kg4 64. Kb2 Kxh4 65. Kc2 Kxg5 66. Kd3 Kf4 67. Ne2+ Kf3 68. Nd4+ Kf2 69. Ke4 Nc3+ 70. Ke5 h4 71. Kf6 h3 72. Kxg6 h2 73. Kf7 0-1

[Event "Berlin-ch Seniors op 25th"]
[Site "Berlin"]
[Date "2009.02.19"]
[Round "8"]
[White "Koeckeritz, Dieter"]
[Black "Loncarevic, Marko"]
[Result "1/2-1/2"]
[WhiteElo "1857"]
[BlackElo "1497"]
[PlyCount "75"]
[EventDate "2009.02.12"]
[EventType "swiss"]
[EventRounds "9"]
[EventCountry "GER"]
[SourceTitle "EXT 2022"]
[Source "ChessBase"]
[SourceDate "2021.10.06"]
[SourceVersion "1"]
[SourceVersionDate "2021.10.06"]
[SourceQuality "1"]

1. Nf3 Nf6 2. g3 d5 3. d4 Nc6 4. Bg2 e6 5. 0-0 h6 6. c3 Be7 7. Nbd2 0-0 8. Re1 Bd6 9. e4 dxe4 10. Nxe4 Nxe4 11. Rxe4 Be7 12. Qc2 f5 13. Re1 Bf6 14. Bf4 g5 15. Be5 Kg7 16. Rad1 Qe7 17. Bxf6+ Qxf6 18. Ne5 Ne7 19. Bxb7 Bxb7 20. Nd7 Qf7 21. Nxf8 Rxf8 22. Qe2 Bc8 23. Qe5+ Kg6 24. Qxc7 Nd5 25. Qe5 Re8 26. Rd2 Nb6 27. b3 Bb7 28. Ree2 Be4 29. Re3 g4 30. Rde2 Qf6 31. Rxe4 fxe4 32. Qxe4+ Qf5 33. Qc6 Kf7 34. Re5 Qf3 35. Qxf3+ gxf3 36. Re3 Rd8 37. Rxf3+ Kg6 38. Rd3 1/2-1/2

[Event "Berlin-ch Seniors op 25th"]
[Site "Berlin"]
[Date "2009.02.12"]
[Round "1"]
[White "Kujawa, Werner"]
[Black "Loncarevic, Marko"]
[Result "0-1"]
[WhiteElo "1891"]
[BlackElo "1497"]
[PlyCount "95"]
[EventDate "2009.02.12"]
[EventType "swiss"]
[EventRounds "9"]
[EventCountry "GER"]
[SourceTitle "EXT 2022"]
[Source "ChessBase"]
[SourceDate "2021.10.06"]
[SourceVersion "1"]
[SourceVersionDate "2021.10.06"]
[SourceQuality "1"]

1. e4 e5 2. Nf3 Nc6 3. Bb5 d6 4. c3 Bd7 5. d4 exd4 6. cxd4 h6 7. 0-0 a6 8. Ba4 Be7 9. Re1 Nf6 10. Nbd2 0-0 11. Nf1 Bg4 12. Be3 b5 13. Bc2 d5 14. e5 Ne4 15. h3 Bh5 16. g4 Bg6 17. N3h2 Bh4 18. Re2 f5 19. f3 f4 20. fxe4 dxe4 21. Bb3+ Kh7 22. Rc1 Nb4 23. Bf2 Bxf2+ 24. Rxf2 Nd3 25. Rfc2 Qxd4+ 26. Kh1 Ra7 27. Qd2 Qxe5 28. Qc3 Qxc3 29. Rxc3 Nxc1 30. Rxc1 Rd8 31. Rc5 e3 32. Re5 Re8 33. Rxe8 Bxe8 34. Bd1 a5 35. Bf3 c5 36. Be2 Rd7 37. Kg2 Rd6 38. Nf3 Bc6 39. a3 g5 40. N1h2 Kg7 41. Kf1 c4 42. a4 Be4 43. axb5 Bd3 44. Ke1 Rd5 45. Nf1 Rxb5 46. Nd4 Rxb2 47. Bxd3 cxd3 48. Nf5+ 0-1